000 00548nam a2200169 i 4500
001 85819
003 ES-MaACL
005 20230906175321.0
007 t|
008 041202s1976 sp ||||1| cat d
100 1 _aJunyent, Eduard.
_967315
245 1 0 _aCatalunya románica
_b: l'arquitectura del segle XII /
_cEduardo Junyent ; fotografíes de Pau Barceló.
260 _a[Barcelona] :
_bAbadía de Montserrat,
_c1976.
300 _a275 p., 60 lám. :
_bil. ;
_c27 cm.
700 1 _aBarceló, Pau.
_925512
852 _aES-MaACL
_jA-6248
_bR.95344
999 _c85819
_d85819